[Event "FIDE Women's World Championship"]
[Site "Ekaterinburg RUS"]
[Date "2006.03.11"]
[EventDate "?"]
[Round "11"]
[Result "1/2-1/2"]
[White "Marie Sebag"]
[Black "Elena Zaiatz"]
[WhiteElo "2415"]
[BlackElo "2422"]
[PlyCount "108"]

1. e4 e5 2. Nf3 Nc6 3. Bb5 a6 4. Bxc6 dxc6 5. O-O f6 6. d4
exd4 7. Nxd4 c5 8. Nb3 Qxd1 9. Rxd1 Bg4 10. f3 Be6 11. Nc3 Bd6
12. Be3 b6 13. a4 Kf7 14. a5 c4 15. Nd4 b5 16. Nxe6 Kxe6
17. b3 cxb3 18. cxb3 Ne7 19. Rac1 Ba3 20. Rc2 Rhd8 21. Nd5
Nxd5 22. Rc6+ Kd7 23. exd5 Re8 24. Bf4 Ra7 25. Kf1 Bb4
26. Rdc1 Bd6 27. Rxd6+ cxd6 28. Rc6 Rc8 29. Rxd6+ Ke7 30. Rb6
Rd7 31. d6+ Ke6 32. Rxa6 Rc3 33. h4 Rxb3 34. Rb6 Kd5 35. Kf2
g5 36. hxg5 fxg5 37. Bxg5 Rxd6 38. Rb7 Rg6 39. Bc1 Rc6 40. Bf4
Rb2+ 41. Kg3 b4 42. Rxh7 Rg6+ 43. Kh3 Rbxg2 44. a6 Rg7
45. Rh5+ Kc4 46. Rh4 Kb5 47. Bd6 Rf2 48. Rxb4+ Kc6 49. Bg3
Rxf3 50. Rg4 Rxg4 51. Kxg4 Ra3 52. Kh3 Rxa6 53. Kg2 Kd5
54. Kh1 Ke4 1/2-1/2

[Event "FIDE Women's World Championship"]
[Site "Ekaterinburg RUS"]
[Date "2006.03.12"]
[EventDate "2006.03.11"]
[Round "1.2"]
[Result "0-1"]
[White "Elena Zaiatz"]
[Black "Marie Sebag"]
[WhiteElo "2422"]
[BlackElo "2415"]
[PlyCount "130"]

1. d4 d5 2. c4 c6 3. Nf3 Nf6 4. e3 Bf5 5. Nc3 e6 6. Nh4 Be4
7. f3 Bg6 8. Qb3 Qc7 9. Bd2 Be7 10. cxd5 cxd5 11. Nxg6 hxg6
12. Nb5 Qd7 13. Bb4 Nc6 14. Bxe7 Qxe7 15. Qa3 Qxa3 16. Nxa3
Nb4 17. Kd2 Rc8 18. Be2 a6 19. h3 Kd7 20. Bd1 Ne8 21. Nc2 Nc6
22. Be2 Nd6 23. b3 g5 24. Rhc1 f6 25. Ne1 Nb4 26. Rc5 Rxc5
27. dxc5 Nf5 28. a3 Nc6 29. b4 d4 30. exd4 Ncxd4 31. Bc4 Kc7
32. Kc3 Rd8 33. Ra2 Ne3 34. Rd2 Nd1+ 35. Rxd1 Nb5+ 36. Kc2
Nxa3+ 37. Kc1 Rxd1+ 38. Kxd1 Nxc4 39. Kc2 Kc6 40. Kc3 Ne3
41. Kd3 Nd5 42. Kc4 Nf4 43. g3 Ne2 44. Nc2 e5 45. g4 Ng1
46. Ne3 Nxf3 47. Nf5 g6 48. Ne7+ Kd7 49. Nd5 f5 50. b5 axb5+
51. Kxb5 Nd4+ 52. Kb6 Nb3 53. Kb5 e4 54. Kc4 Na5+ 55. Kb5 Nc6
56. Nf6+ Ke6 57. Nh7 Nd4+ 58. Kc4 Nf3 59. Nf8+ Kf7 60. Nd7 Ke7
61. Nb6 Ke6 62. Kc3 Ne5 63. Kd4 Nc6+ 64. Ke3 Na5 65. Nc8 Nb3
0-1

[Event "FIDE Women's World Championship"]
[Site "Ekaterinburg RUS"]
[Date "2006.03.14"]
[EventDate "2006.03.11"]
[Round "2.2"]
[Result "1/2-1/2"]
[White "Koneru Humpy"]
[Black "Marie Sebag"]
[WhiteElo "2537"]
[BlackElo "2415"]
[PlyCount "106"]

1. d4 d5 2. c4 c6 3. Nf3 Nf6 4. e3 Bf5 5. Nc3 e6 6. Nh4 Bg6
7. Qb3 Qc7 8. Nxg6 hxg6 9. h3 a6 10. Bd2 Nbd7 11. cxd5 cxd5
12. Bd3 Be7 13. O-O-O b5 14. Kb1 Nb6 15. f3 Nc4 16. e4 Rd8
17. Bc1 dxe4 18. Nxb5 axb5 19. Qxb5+ Rd7 20. Bxc4 O-O 21. Bb3
Rfd8 22. fxe4 Nxe4 23. Rhf1 Bf6 24. Bf4 Qa7 25. Be5 Bxe5
26. Qxe5 Rxd4 27. Rxd4 Qxd4 28. Qxd4 Rxd4 29. Re1 Kf8 30. Bc2
Nf6 31. Kc1 Ke7 32. Rd1 Rf4 33. a3 Nd5 34. g3 Rf2 35. Rd3 g5
36. b4 f5 37. Bb3 Rf1+ 38. Kd2 Kd6 39. a4 Rf2+ 40. Ke1 Rb2
41. a5 Kc6 42. b5+ Kc5 43. b6 Nb4 44. Rf3 g4 45. hxg4 fxg4
46. Rc3+ Kd4 47. b7 Kxc3 48. b8=Q Nd3+ 49. Kf1 Rb1+ 50. Kg2
Rb2+ 51. Kf1 Rb1+ 52. Kg2 Rb2+ 53. Kf1 Rb1+ 1/2-1/2

[Event "FIDE Women's World Championship"]
[Site "Ekaterinburg RUS"]
[Date "2006.03.14"]
[EventDate "2006.03.11"]
[Round "2.4"]
[Result "1-0"]
[White "Marie Sebag"]
[Black "Koneru Humpy"]
[WhiteElo "2415"]
[BlackElo "2537"]
[PlyCount "141"]

1. e4 g6 2. d4 Bg7 3. Nf3 d6 4. c3 Nd7 5. Bd3 e6 6. O-O Ne7
7. Re1 b6 8. a4 a6 9. Nbd2 Bb7 10. Bc2 O-O 11. Nf1 h6 12. Ng3
c5 13. Bf4 e5 14. dxe5 dxe5 15. Be3 Qc7 16. Qd2 f5 17. exf5
Bxf3 18. gxf3 gxf5 19. Nxf5 Nxf5 20. Bxf5 Rad8 21. Qd5+ Kh8
22. Bxd7 Rxd7 23. Qe4 Rdf7 24. Kh1 Rxf3 25. Rg1 Qf7 26. Rg2
Qh5 27. Rag1 Rh3 28. Qg4 Qxg4 29. Rxg4 Bf6 30. Rd1 Bg5
31. Bxg5 hxg5 32. Rxg5 Rxf2 33. Rd8+ Kh7 34. Rxe5 Rhxh2+
35. Kg1 Rfg2+ 36. Kf1 Rxb2 37. Kg1 Rhc2 38. Rd7+ Kg6 39. Rd6+
Kf7 40. Rd1 Rxc3 41. Rf1+ Kg6 42. Re6+ Kg5 43. Re8 Rb4
44. Rfe1 Rg4+ 45. Kf2 Rf4+ 46. Kg2 Rc2+ 47. Kg3 Rg4+ 48. Kf3
Rc3+ 49. Kf2 Kh6 50. R1e6+ Rg6 51. Rxg6+ Kxg6 52. Re6+ Kf5
53. Rxb6 Ke4 54. Rxa6 Rc2+ 55. Ke1 Kd3 56. Rd6+ Kc3 57. a5 Ra2
58. a6 c4 59. Kd1 Ra1+ 60. Ke2 Kb2 61. Rb6+ Kc2 62. Ke3 c3
63. Kd4 Kd2 64. Rh6 Ra4+ 65. Kc5 c2 66. Rh2+ Kc3 67. Rxc2+
Kxc2 68. Kb6 Rb4+ 69. Kc7 Ra4 70. Kb7 Rb4+ 71. Kc7 1-0

[Event "FIDE Women's World Championship"]
[Site "Ekaterinburg RUS"]
[Date "2006.03.16"]
[EventDate "2006.03.11"]
[Round "3.2"]
[Result "1/2-1/2"]
[White "Kanying Qin"]
[Black "Marie Sebag"]
[WhiteElo "2469"]
[BlackElo "2415"]
[PlyCount "137"]

1. e4 e5 2. Nf3 Nc6 3. Nc3 Nf6 4. Bb5 Bb4 5. O-O O-O 6. d3
Bxc3 7. bxc3 d6 8. Bg5 Qe7 9. Re1 Nd8 10. d4 Ne6 11. Bc1 Rd8
12. Bd3 Nf8 13. h3 Ng6 14. a4 c5 15. Nh2 h6 16. Nf1 Nh7
17. Ne3 Nf4 18. Nd5 Nxd5 19. exd5 Qf6 20. Rb1 Ng5 21. Qe2 c4
22. Bxc4 exd4 23. cxd4 Bxh3 24. f4 Bg4 25. fxg5 Bxe2 26. gxf6
Bxc4 27. fxg7 Bxd5 28. c4 Bxc4 29. Bxh6 b6 30. Rbc1 d5 31. Bg5
Rd6 32. Be7 Rg6 33. Bf8 Bd3 34. Re3 Be4 35. Rh3 Rxg2+ 36. Kf1
Rxf8 37. gxf8=Q+ Kxf8 38. Rc8+ Kg7 39. Rc7 a5 40. Rb3 Ra2
41. Rxb6 Rxa4 42. Rbb7 Bg6 43. Ra7 Rxd4 44. Rxa5 Rf4+ 45. Ke2
d4 46. Rd5 d3+ 47. Rxd3 Bxd3+ 48. Kxd3 Kg6 49. Ke3 Rf5 50. Rc1
Kg5 51. Rg1+ Kh4 52. Ke4 Rf2 53. Ke3 Rf6 54. Ke4 Kh5 55. Ke3
Kh6 56. Ke4 Rg6 57. Rh1+ Kg5 58. Rg1+ Kf6 59. Ra1 Rg4+ 60. Kf3
Rb4 61. Ra3 Kg5 62. Ra5+ f5 63. Ra3 Rf4+ 64. Kg3 Rg4+ 65. Kf3
Rh4 66. Ra8 Rh3+ 67. Kg2 Rb3 68. Ra4 f4 69. Ra8 1/2-1/2

[Event "FIDE Women's World Championship"]
[Site "Ekaterinburg RUS"]
[Date "2006.03.16"]
[EventDate "2006.03.11"]
[Round "3.3"]
[Result "0-1"]
[White "Marie Sebag"]
[Black "Kanying Qin"]
[WhiteElo "2415"]
[BlackElo "2469"]
[PlyCount "110"]

1. e4 e5 2. Nf3 Nc6 3. Bc4 Bc5 4. c3 Nf6 5. d3 a6 6. Nbd2 O-O
7. Nf1 d5 8. exd5 Nxd5 9. Ng3 Ba7 10. O-O Kh8 11. Bb3 f6
12. d4 exd4 13. Nxd4 Nxd4 14. cxd4 Be6 15. Ne4 Qd7 16. Nc5
Bxc5 17. dxc5 Qc6 18. Re1 Bg8 19. Be3 Nxe3 20. Rxe3 Qxc5
21. Bxg8 Rxg8 22. Rc1 Rad8 23. Qe1 Qd6 24. h4 c6 25. Re7 Rd7
26. Rxd7 Qxd7 27. Rd1 Qf7 28. Qb4 Re8 29. Qg4 f5 30. Qd4 h6
31. g3 f4 32. g4 f3 33. h5 Qxa2 34. Kh2 Qe6 35. Kg3 a5 36. Qf4
c5 37. Rd6 Qe7 38. Rd5 b5 39. Qxf3 a4 40. Qc3 b4 41. Qxc5 Qxc5
42. Rxc5 Ra8 43. Rc1 a3 44. bxa3 bxa3 45. Ra1 Kg8 46. f4 a2
47. g5 Kf7 48. Kg4 Ra5 49. Kf3 Ke6 50. Ke4 Ra4+ 51. Kd3 Kf5
52. gxh6 gxh6 53. Kc3 Kxf4 54. Kb3 Ra8 55. Kb2 Ke5 0-1

[Event "FIDE Women's World Championship"]
[Site "Ekaterinburg RUS"]
[Date "2006.03.16"]
[EventDate "2006.03.11"]
[Round "3.5"]
[Result "1-0"]
[White "Marie Sebag"]
[Black "Kanying Qin"]
[WhiteElo "2415"]
[BlackElo "2469"]
[PlyCount "117"]

1. e4 e5 2. Nf3 Nc6 3. Bb5 a6 4. Bxc6 dxc6 5. O-O Qd6 6. Na3
Be6 7. Qe2 f6 8. Rd1 O-O-O 9. Nc4 Qe7 10. d3 Qf7 11. Bd2 c5
12. a3 Ne7 13. Na5 b6 14. Nc4 Nc6 15. b4 g5 16. c3 h5 17. Be3
g4 18. Nh4 b5 19. Nb2 Bb3 20. Rd2 Nd4 21. cxd4 cxd4 22. Nf5
dxe3 23. Qxe3 Kb7 24. a4 c6 25. axb5 cxb5 26. d4 Bxb4 27. Rd3
Be6 28. d5 Bxf5 29. exf5 Qc7 30. Rc1 Qb6 31. Qe4 Bc5 32. Rdc3
Bxf2+ 33. Kf1 Qd4 34. Rc7+ Kb8 35. Qc2 Bg1 36. Nd3 Qxd5
37. Nb4 Qd6 38. Rf7 Rc8 39. Nc6+ Rxc6 40. Qxc6 Qxc6 41. Rxc6
Bxh2 42. Rcxf6 Bf4 43. Rb6+ Kc8 44. Rxa6 Kb8 45. Rb6+ Kc8
46. Rxb5 Rd8 47. Rb2 h4 48. f6 h3 49. gxh3 gxh3 50. Ra2 Kb8
51. Rh7 Rf8 52. f7 h2 53. Kg2 Kc7 54. Rg7 Kd7 55. Ra7+ Ke6
56. Rg6+ Kf5 57. Rg8 Bh6 58. Rxf8 Bxf8 59. Ra8 1-0

[Event "FIDE Women's World Championship"]
[Site "Ekaterinburg RUS"]
[Date "2006.03.18"]
[EventDate "2006.03.11"]
[Round "4.1"]
[Result "1/2-1/2"]
[White "Svetlana Matveeva"]
[Black "Marie Sebag"]
[WhiteElo "2428"]
[BlackElo "2415"]
[PlyCount "94"]

1. d4 d5 2. c4 c6 3. Nc3 Nf6 4. e3 a6 5. Bd3 b5 6. b3 Bg4
7. Nge2 e6 8. Qc2 Bh5 9. Nf4 Bg6 10. Nxg6 hxg6 11. h3 Be7
12. O-O O-O 13. c5 Nbd7 14. f4 Ne8 15. Bd2 a5 16. g4 f5 17. g5
e5 18. h4 e4 19. Be2 Nc7 20. a3 Kf7 21. Kg2 Rh8 22. Rh1 Nf8
23. Qd1 Nfe6 24. b4 axb4 25. axb4 Rxa1 26. Qxa1 Qa8 27. Qb2
Nf8 28. Bd1 Nfe6 29. Bb3 Ke8 30. Ne2 Kd7 31. Ng3 Qf8 32. Bd1
Qf7 33. h5 Nf8 34. hxg6 Nxg6 35. Bh5 Ra8 36. Kf2 Qe6 37. Ra1
Rxa1 38. Qxa1 Nf8 39. Qa7 g6 40. Be2 Qf7 41. Bf1 Nfe6 42. Be2
Qh7 43. Kg2 Qh8 44. Qa1 Qh7 45. Qh1 Qxh1+ 46. Kxh1 Bf8 47. Bf1
Ng7 1/2-1/2

[Event "TCh-FRA Top 16 Gp A"]
[Site "Montpellier FRA"]
[Date "2006.03.30"]
[EventDate "2006.03.30"]
[Round "4"]
[Result "1-0"]
[White "Marie Sebag"]
[Black "Yann Salaun"]
[WhiteElo "2415"]
[BlackElo "2335"]
[PlyCount "79"]

1.e4 c5 2.c3 e6 3.d4 d5 4.e5 Nc6 5.Nf3 Bd7 6.Be2 Nge7 7.Na3
Ng6 8.h4 cxd4 9.cxd4 Bb4+ 10.Kf1 O-O 11.h5 Nh8 12.h6 g6 13.Nc2
Be7 14.Ne3 f6 15.exf6 Bxf6 16.Ng4 Nf7 17.Bf4 Bh8 18.g3 Nxd4
19.Nxd4 e5 20.Be3 Qe7 21.Kg1 Rad8 22.Rc1 exd4 23.Bxd4 Bxg4
24.Bxg4 Qe4 25.Bxh8 Kxh8 26.f4 Ne5 27.Kh2 Nxg4+ 28.Qxg4 Rf5
29.Rhe1 Qb4 30.Qe2 Qf8 31.Kg2 Qxh6 32.Qe7 Rdf8 33.Rc7 Rh5
34. Kf3 Rhf5 35.Qb4 g5 36.Ree7 Qh1+ 37.Ke2 Qg2+ 38.Kd1 Qh1+
39.Kc2 Qh2+ 40.Qd2 1-0

[Event "TCh-FRA Top 16 Gp A"]
[Site "Montpellier FRA"]
[Date "2006.04.01"]
[EventDate "2006.03.03"]
[Round "6"]
[Result "1/2-1/2"]
[White "Alexander Grischuk"]
[Black "Marie Sebag"]
[WhiteElo "2717"]
[BlackElo "2415"]
[PlyCount "72"]

1.d4 d5 2.c4 c6 3.Nc3 Nf6 4.Nf3 dxc4 5.a4 Bf5 6.Ne5 e6 7.f3
Bb4 8.e4 Bxe4 9.fxe4 Nxe4 10.Bd2 Qxd4 11.Nxe4 Qxe4+ 12.Qe2
Bxd2+ 13.Kxd2 Qd5+ 14.Kc2 Na6 15.Nxc4 O-O 16.Qf3 Nb4+ 17.Kb3
Qc5 18.Qe3 Qe7 19.Be2 Nd5 20.Qe5 Qb4+ 21. Ka2 Rfd8 22.Kb1 b5
23.axb5 cxb5 24.Ne3 Rac8 25.Ra3 Qc5 26.Rd1 b4 27.Rad3 Rd6
28.Rxd5 exd5 29.Nf5 Qc2+ 30.Ka2 Ra6+ 31.Bxa6 Qa4+ 32.Kb1 Qxd1+
33.Ka2 Qa4+ 34.Kb1 Qc2+ 35.Ka2 Qa4+ 36.Kb1 Qd1+ 1/2-1/2

[Event "7th European Individual Championship: Women"]
[Site "Kusadasi TUR"]
[Date "2006.04.04"]
[EventDate "2006.04.04"]
[Round "1"]
[Result "1-0"]
[White "Marie Sebag"]
[Black "Turkan Mamedjarova"]
[WhiteElo "2415"]
[BlackElo "2308"]
[PlyCount "67"]

1. e4 e5 2. Nf3 Nc6 3. Bb5 a6 4. Ba4 d6 5. O-O Bd7 6. c3 g6
7. d4 Bg7 8. Be3 h6 9. Nbd2 Nge7 10. Bb3 O-O 11. a4 Kh7
12. dxe5 dxe5 13. Re1 b6 14. Nf1 Qc8 15. Qe2 Be6 16. Bc2 a5
17. Rad1 Rd8 18. Ng3 Bg4 19. h3 Bxf3 20. Qxf3 Qe6 21. Nf5 Rxd1
22. Rxd1 Rd8 23. Bb3 Rxd1+ 24. Qxd1 Qd5 25. Qxd5 g5 26. Nxg7
Kxg7 27. Bc4 Nb8 28. Bb5 f6 29. Qd2 Nd5 30. Bxb6 cxb6
31. Qxg5+ hxg5 32. Ba6 Kh6 33. g3 Ne7 34. c4 1-0

[Event "7th European Individual Championship: Women"]
[Site "Kusadasi TUR"]
[Date "2006.04.05"]
[EventDate "2006.04.04"]
[Round "2"]
[Result "1-0"]
[White "Jovanka Houska"]
[Black "Marie Sebag"]
[WhiteElo "2355"]
[BlackElo "2415"]
[PlyCount "129"]

1. e4 c5 2. Nf3 d6 3. d4 cxd4 4. Nxd4 Nf6 5. Nc3 a6 6. Bc4 e6
7. Bb3 b5 8. Bg5 Be7 9. Qf3 Qb6 10. O-O-O Nbd7 11. Rhe1 O-O
12. Qg3 Nc5 13. Bh6 Ne8 14. f4 Bd7 15. Nf5 exf5 16. exf5 d5
17. Bxg7 Nxg7 18. Nxd5 Qh6 19. Nxe7+ Kh8 20. Bd5 Rae8 21. Qe3
Nce6 22. fxe6 Rxe7 23. Qc5 Rfe8 24. exd7 Qxf4+ 25. Kb1 Rxe1
26. dxe8=Q+ Rxe8 27. Bf3 Nf5 28. a3 Kg7 29. Rd5 Ne3 30. Qd4+
Qxd4 31. Rxd4 Nc4 32. b3 Re1+ 33. Ka2 Ne3 34. Kb2 Rf1 35. Re4
Re1 36. Rd4 a5 37. Kc3 Ra1 38. Rd3 Nf1 39. Kb2 Re1 40. Rd5
Nxh2 41. Rxb5 Nxf3 42. gxf3 Rf1 43. Rxa5 Rxf3 44. Rg5+ Kf6
45. Rg8 h5 46. a4 h4 47. a5 Rf5 48. b4 Rh5 49. a6 h3 50. a7 h2
51. a8=Q h1=Q 52. Qxh1 Rxh1 53. Re8 Kg5 54. b5 f5 55. c4 f4
56. Rf8 Kg4 57. b6 Rh7 58. c5 Rb7 59. Kb3 f3 60. Kb4 Kg3
61. Kb5 f2 62. c6 Rb8 63. Rxf2 Kxf2 64. c7 Rc8 65. Kc6 1-0

[Event "7th European Individual Championship: Women"]
[Site "Kusadasi TUR"]
[Date "2006.04.06"]
[EventDate "2006.04.04"]
[Round "3"]
[Result "0-1"]
[White "Marie Sebag"]
[Black "Bela Khotenashvili"]
[WhiteElo "2415"]
[BlackElo "2316"]
[PlyCount "132"]

1. e4 c6 2. d4 d5 3. exd5 cxd5 4. c4 Nf6 5. Nc3 Nc6 6. Nf3 g6
7. cxd5 Nxd5 8. Bc4 Nb6 9. Bb3 Bg7 10. O-O O-O 11. d5 Na5
12. Re1 Re8 13. Bg5 Bg4 14. h3 Bxf3 15. Qxf3 Qd7 16. Rad1 Nac4
17. Re2 Nd6 18. g4 a5 19. a4 Nbc4 20. Rde1 Bf8 21. Kg2 Rac8
22. h4 h6 23. Bc1 Bg7 24. Bc2 Rc7 25. h5 g5 26. Kh3 Nb6
27. Qd3 Rc4 28. f3 Rd4 29. Qh7+ Kf8 30. Be3 Rb4 31. Bc5 Rf4
32. Kg3 Nbc4 33. Nb5 b6 34. Bd4 f6 35. Bg6 Nf7 36. b3 Ncd6
37. Be3 Nxb5 38. axb5 Rb4 39. Bxf7 Kxf7 40. Qg6+ Kf8 41. Kg2
Rxb5 42. Bc1 Rxb3 43. Rd1 b5 44. Re6 b4 45. Qf5 Qb5 46. Qe4
Rc3 47. Bb2 Rc4 48. Qg6 Rf4 49. d6 exd6 50. Bxf6 Qe2+ 51. Rxe2
Rxe2+ 52. Kf1 Rxf6 53. Qd3 Re8 54. Qb3 Rfe6 55. Qa4 Re5
56. Rb1 R8e7 57. Qc6 R7e6 58. Qc8+ Re8 59. Qd7 d5 60. f4 gxf4
61. Rd1 R5e7 62. Qf5+ Rf7 63. Qxd5 Bc3 64. Qxa5 f3 65. Qc5+
Ree7 66. Kf2 Kg8 0-1

[Event "7th European Individual Championship: Women"]
[Site "Kusadasi TUR"]
[Date "2006.04.08"]
[EventDate "2006.04.04"]
[Round "5"]
[Result "1-0"]
[White "Marie Sebag"]
[Black "Tatjana Lematschko"]
[WhiteElo "2415"]
[BlackElo "2180"]
[PlyCount "83"]

1. e4 e5 2. Nf3 d6 3. d4 exd4 4. Nxd4 g6 5. Nc3 Bg7 6. g3 Bd7
7. Bg2 Nc6 8. Nde2 Nf6 9. O-O O-O 10. h3 Be6 11. f4 Bc4
12. Re1 Nd7 13. Be3 Nb6 14. Rb1 Qd7 15. b3 Be6 16. Kh2 Rae8
17. Qd2 Qc8 18. Rbd1 f6 19. Bf2 Kh8 20. Nd5 f5 21. Nd4 Bxd5
22. exd5 Nxd4 23. Bxd4 Qd7 24. Bf2 Qc8 25. c4 Bf6 26. a4 a6
27. a5 Nd7 28. b4 Kg7 29. c5 Rxe1 30. Rxe1 Rf7 31. c6 Nf8
32. Bd4 bxc6 33. Bxf6+ Rxf6 34. Qc3 Qd7 35. dxc6 Qd8 36. Bd5
h5 37. Qe3 Rf7 38. Qe8 Qxe8 39. Rxe8 Rf6 40. Re7+ Kh6 41. Rxc7
Ne6 42. Re7 1-0

[Event "7th European Individual Championship: Women"]
[Site "Kusadasi TUR"]
[Date "2006.04.09"]
[EventDate "2006.04.04"]
[Round "6"]
[Result "1-0"]
[White "Ilaha Kadimova"]
[Black "Marie Sebag"]
[WhiteElo "2310"]
[BlackElo "2415"]
[PlyCount "123"]

1. d4 d5 2. c4 c6 3. Nf3 Nf6 4. Qb3 dxc4 5. Qxc4 Bg4 6. Nbd2
Nbd7 7. g3 e6 8. Bg2 Be7 9. O-O O-O 10. a4 a5 11. Qb3 Qb6
12. Qxb6 Nxb6 13. b3 Rfd8 14. Bb2 Bb4 15. Rfd1 c5 16. Kf1 cxd4
17. Bxd4 Nbd5 18. Rac1 Rac8 19. Nc4 Ne4 20. Nfe5 Ndc3 21. Nxg4
Nxd1 22. Rxd1 Nd2+ 23. Rxd2 Bxd2 24. e3 Bb4 25. Bxb7 Rb8
26. Bg2 f6 27. f4 Rdc8 28. Ba7 Bc3 29. Bxb8 Rxb8 30. Bc6 Rxb3
31. Nf2 Bb4 32. Ke2 Rc3 33. Bb5 Rc2+ 34. Kf3 Kf7 35. h3 Ke7
36. Nd3 Bc3 37. g4 Rh2 38. Kg3 Rh1 39. f5 e5 40. Nc5 Rf1
41. Kg2 Rc1 42. Nb3 Rc2+ 43. Kf3 Rh2 44. Kg3 Rc2 45. Ncxa5
Be1+ 46. Kf3 Rh2 47. Nc6+ Kf8 48. a5 Rf2+ 49. Ke4 Bxa5
50. Nbxa5 Rh2 51. Bf1 Rf2 52. Bc4 Rh2 53. Nb7 Rxh3 54. Nc5 Rg3
55. Ne6+ Kf7 56. g5 Rg4+ 57. Kd3 g6 58. Nc5+ Rxc4 59. Kxc4
gxf5 60. gxf6 Kxf6 61. Nd7+ Kg5 62. Ndxe5 1-0

[Event "7th European Individual Championship: Women"]
[Site "Kusadasi TUR"]
[Date "2006.04.12"]
[EventDate "2006.04.04"]
[Round "8"]
[Result "0-1"]
[White "Ekaterini Fakhiridou"]
[Black "Marie Sebag"]
[WhiteElo "2292"]
[BlackElo "2415"]
[PlyCount "114"]

1. e4 e5 2. Nf3 Nc6 3. d4 exd4 4. Nxd4 Nf6 5. Nc3 Bb4 6. Nxc6
bxc6 7. Bd3 d5 8. exd5 cxd5 9. O-O O-O 10. Bg5 c6 11. Qf3 Be7
12. Rfe1 Re8 13. h3 h6 14. Bd2 Be6 15. Rad1 Bd6 16. Ne2 Nd7
17. Bf4 Ne5 18. Qg3 Qf6 19. c3 Nxd3 20. Rxd3 Bf5 21. Re3 Rxe3
22. Qxe3 Bf8 23. Be5 Qe7 24. Nd4 Bd7 25. Nf3 f6 26. Bf4 Qxe3
27. Bxe3 c5 28. Nd2 Rb8 29. Nb3 Rb5 30. Rd1 Be6 31. Rd2 a5
32. Nc1 g5 33. f4 a4 34. a3 Rb7 35. Ne2 Kf7 36. Kf2 Kg6 37. g4
f5 38. Kf3 Rf7 39. Ng3 fxg4+ 40. hxg4 gxf4 41. Bxf4 Bd6
42. Nf5 Bxf4 43. Kxf4 Bxf5 44. gxf5+ Rxf5+ 45. Kg3 Kf6 46. Rd1
h5 47. Rd2 Ke6 48. Rd1 Kd6 49. c4 d4 50. Rd2 Ke6 51. Re2+ Re5
52. Rf2 Re4 53. Rd2 Ke5 54. Kf3 Re3+ 55. Kf2 h4 56. Kg2 d3
57. b4 axb3 0-1

[Event "7th European Individual Championship: Women"]
[Site "Kusadasi TUR"]
[Date "2006.04.14"]
[EventDate "2006.04.04"]
[Round "10"]
[Result "1/2-1/2"]
[White "Natalia Zdebskaja"]
[Black "Marie Sebag"]
[WhiteElo "2326"]
[BlackElo "2415"]
[PlyCount "56"]

1. e4 e5 2. Nf3 Nc6 3. Bc4 Nf6 4. d3 Be7 5. c3 O-O 6. Bb3 d6
7. h3 Kh8 8. Nbd2 Ng8 9. Nf1 f5 10. exf5 Bxf5 11. Ng3 Qd7
12. Nxf5 Qxf5 13. O-O Nf6 14. Nh4 Qd7 15. d4 e4 16. Bg5 d5
17. f4 exf3 18. Nxf3 Rac8 19. Qd3 Nh5 20. Bxe7 Nf4 21. Qe3
Qxe7 22. Ne5 Nxe5 23. Rxf4 Rxf4 24. Qxf4 Ng6 25. Qf3 c6
26. Rf1 Qe6 27. Bc2 Kg8 28. Bxg6 hxg6 1/2-1/2

[Event "7th European Individual Championship: Women"]
[Site "Kusadasi TUR"]
[Date "2006.04.15"]
[EventDate "2006.04.04"]
[Round "11"]
[Result "1-0"]
[White "Marie Sebag"]
[Black "Mariya Muzychuk"]
[WhiteElo "2415"]
[BlackElo "2167"]
[PlyCount "61"]

1. e4 d5 2. exd5 Nf6 3. Nf3 Nxd5 4. d4 g6 5. Be2 Bg7 6. O-O
O-O 7. Re1 Nb6 8. c3 Nc6 9. Bf4 Bf5 10. Nbd2 Nd5 11. Bg3 Nf6
12. h3 Ne4 13. Nxe4 Bxe4 14. Nd2 Bf5 15. Bf3 Be6 16. Nb3 Bc8
17. d5 Nb8 18. Qe2 Bf6 19. Rad1 Na6 20. Nd4 Rb8 21. b4 Bxd4
22. Rxd4 Bd7 23. Qe3 f6 24. Re4 Rf7 25. Rxe7 Qf8 26. d6 Rxe7
27. Qxe7 Bc6 28. dxc7 Rc8 29. Bxc6 bxc6 30. Qd7 f5 31. Bd6 1-0

[Event "7th ch-Euro w t/b qual"]
[Site "Kusadasi TUR"]
[Date "2006.04.16"]
[EventDate "2006.04.16"]
[Round "1.2"]
[Result "1-0"]
[White "Eva Moser"]
[Black "Marie Sebag"]
[WhiteElo "2384"]
[BlackElo "2434"]
[PlyCount "183"]

1.e4 e5 2.Nf3 Nc6 3.c3 Nf6 4.d4 d6 5.Bd3 Be7 6.O-O O-O 7.h3
Re8 8.Re1 h6 9.Be3 Bf8 10.d5 Ne7 11.c4 Ng6 12.Nc3 Nh7 13.Qc2
Ng5 14.Nxg5 hxg5 15.Be2 Nf4 16.Bg4 g6 17.Ne2 Nxe2+ 18.Qxe2 f5
19.exf5 gxf5 20.Bh5 f4 21.Bd2 Bf5 22.Bg4 Qf6 23.Bxf5 Qxf5
24.Qe4 Qxe4 25.Rxe4 c5 26.b4 cxb4 27.Bxb4 Rac8 28. Kf1 Kf7
29.Ke2 Ke7 30.Rxe5+ Kd7 31.Rxe8 Rxe8+ 32.Kd3 Bg7 33.Re1 Be5
34.c5 Rc8 35.cxd6 Bxd6 36.Bc3 Bc5 37.Re5 Bxf2 38.Rxg5 Kd6
39.Be5+ Kxd5 40.Bd4+ Ke6 41.Bxf2 Rd8+ 42.Ke2 b6 43.Rb5 Rc8
44.Rb2 Kf5 45.Rd2 Rc3 46.Bd4 Rg3 47. Kf2 Ra3 48.Re2 Ra4 49.Be5
b5 50.Bd6 a6 51.a3 Rd4 52.Bc5 Rd3 53.Bb4 a5 54. Bxa5 Rxa3
55.Bb4 Rb3 56.Bd6 Rd3 57.Bc7 Rd5 58.Re8 b4 59.Rf8+ Kg6 60.Rxf4
Rb5 61.Re4 b3 62.Re1 b2 63.Rb1 Kf5 64.Bg3 Ke4 65.Ke2 Rg5
66.Rxb2 Rxg3 67. Kf2 Rc3 68.Re2+ Kf4 69.Ra2 Rb3 70.Ra4+ Kf5
71.Rd4 Kg5 72.Re4 Kf5 73.Re3 Rb4 74.Kf3 Rf4+ 75.Kg3 Rb4 76.Ra3
Kg5 77.Ra5+ Kg6 78.Re5 Kf6 79.Ra5 Rc4 80.Kf3 Rb4 81.Ra3 Kf5
82.g4+ Kg5 83.Kg3 Rb6 84.h4+ Kg6 85.h5+ Kf6 86.Kh4 Rb1 87.Ra6+
Kg7 88.Ra7+ Kg8 89.h6 Rg1 90.g5 Kh8 91.Kh5 Rb1 92.Ra8+ 1-0

[Event "7th ch-Euro w t/b qual"]
[Site "Kusadasi TUR"]
[Date "2006.04.16"]
[EventDate "2006.04.16"]
[Round "3.2"]
[Result "1/2-1/2"]
[White "Marie Sebag"]
[Black "Anna Ushenina"]
[WhiteElo "2434"]
[BlackElo "2397"]
[PlyCount "199"]

1.e4 c6 2.Nf3 g6 3.d4 Bg7 4.Bd3 d5 5.Nbd2 Nh6 6.O-O O-O 7.Re1
dxe4 8.Nxe4 Nf5 9.c3 Nd6 10.Bg5 Re8 11.h3 Nxe4 12.Bxe4 Be6
13.Qd2 Nd7 14.Bh6 Bd5 15. Bxg7 Kxg7 16.Qf4 Nf6 17.Bc2 Bxf3
18.Qxf3 Qd5 19.Qe3 e6 20.Bb3 Qd6 21.c4 Red8 22.Rad1 b5 23.Qc3
bxc4 24.Bxc4 Rab8 25.b3 Nd5 26.Bxd5 Qxd5 27.Rd3 Kg8 28.Re5 Qd7
29.h4 Rb5 30.Rc5 Qe7 31.Rxb5 cxb5 32.g3 Rd5 33.Qd2 Qd7 34.f4
h5 35.Kf2 Kg7 36.Qc3 Kh7 37.Ke3 Qe7 38.Kf2 Rd7 39.Qd2 Qd6
40.Qe3 Qd5 41.Kg1 Rc7 42.Rc3 Rd7 43.Rc5 Qxd4 44.Qxd4 Rxd4
45.Rxb5 Rd1+ 46.Kf2 Rd2+ 47.Kf3 Rxa2 48.Rb7 Kg7 49.b4 Kf6
50.b5 Ra3+ 51.Kf2 Rb3 52.Rxa7 Rxb5 53.Kf3 Rb3+ 54.Kf2 Rb2+
55.Kf3 Rd2 56.Rb7 Rd5 57.Ke4 Rf5 58.Ra7 Rb5 59.Kf3 Rc5 60.Rb7
Rc3+ 61.Kf2 Rc2+ 62.Kf3 Rc8 63.Ra7 Re8 64.Rb7 Re7 65.Rb5 e5
66.fxe5+ Rxe5 67.Rb7 Ke6 68.Ra7 f6 69.Ra8 Kf5 70.Ra4 Rc5
71.Rf4+ Ke5 72.Re4+ Kf5 73.Rf4+ Ke6 74.Re4+ Re5 75.Ra4 Rd5
76.Re4+ Re5 77.Ra4 g5 78.hxg5 fxg5 79.Ra8 Rf5+ 80.Kg2 Rf7
81.Ra5 Kf6 82.Ra6+ Kg7 83.Rb6 Rf6 84.Rb5 Kg6 85.Rc5 Rd6 86.Ra5
Rd2+ 87.Kf3 Rd3+ 88.Kf2 Rd2+ 89.Kf3 g4+ 90.Ke3 Rg2 91.Ra6+ Kg5
92.Ra5+ Kg6 93.Ra6+ Kf5 94.Ra5+ Kf6 95.Rxh5 Rxg3+ 96.Kf4 Rg1
97.Rf5+ Ke6 98.Rg5 g3 99. Rxg3 Rxg3 100.Ke4 1/2-1/2

[Event "7th ch-Euro w t/b qual"]
[Site "Kusadasi TUR"]
[Date "2006.04.16"]
[EventDate "2006.04.16"]
[Round "3.3"]
[Result "0-1"]
[White "Anna Ushenina"]
[Black "Marie Sebag"]
[WhiteElo "2397"]
[BlackElo "2434"]
[PlyCount "80"]

1.d4 d5 2.c4 c6 3.Nf3 Nf6 4.Nc3 a6 5.Qc2 e6 6.e3 Nbd7 7.b3 Bd6
8.Be2 O-O 9.O-O e5 10.cxd5 cxd5 11.dxe5 Nxe5 12.Bb2 Nc6
13.Rfd1 Be6 14.Rd2 Rc8 15. Qd1 Qc7 16.g3 Rcd8 17.Rc1 Qe7
18.Nd4 Ne5 19.Nxe6 fxe6 20.f4 Nc6 21.Bf3 Bc5 22.Qe2 Ba7 23.Kg2
d4 24.exd4 Nxd4 25.Qd1 Nxf3 26.Kxf3 e5 27.Rxd8 Rxd8 28. Qe2
Bd4 29.Rd1 e4+ 30.Kg2 e3 31.Qf3 Bxc3 32.Rxd8+ Qxd8 33.Bxc3 Qd3
34.Bxf6 gxf6 35.Qxb7 Qd2+ 36.Kh3 e2 37.Qc8+ Kf7 38.Qc4+ Ke7
39.Qc7+ Qd7+ 40.Qxd7+ Kxd7 0-1

[Event "7th ch-Euro w t/b qual"]
[Site "Kusadasi TUR"]
[Date "2006.04.16"]
[EventDate "2006.04.16"]
[Round "3.4"]
[Result "0-1"]
[White "Marie Sebag"]
[Black "Anna Ushenina"]
[WhiteElo "2434"]
[BlackElo "2397"]
[PlyCount "54"]

1.e4 c6 2.d4 d5 3.exd5 cxd5 4.c4 dxc4 5.Bxc4 Qc7 6.Bb3 Bg4
7.f3 Bd7 8.Ne2 e6 9.O-O Bd6 10.f4 Nf6 11.Nbc3 O-O 12.Ng3 Bc6
13.Be3 Nbd7 14.Rc1 Qb8 15. Nh5 Nxh5 16.Qxh5 Nf6 17.Qh3 g6
18.f5 exf5 19.Bh6 Re8 20.Rxf5 gxf5 21.Qxf5 Bxh2+ 22.Kh1 Qg3
23.d5 Re1+ 24.Rxe1 Qxe1+ 25.Kxh2 Qh4+ 26.Qh3 Ng4+ 27.Kg1 Qe1#
0-1